Statistics for Most Widely Developed Developing Countries

Click here to take the quiz!

General Stats

  • This quiz has been taken 20 times
    (17 since last reset)
  • The average score is 15 of 20

Answers on the Map

Answers color-coded by a green-red scale on the quiz's map according to % correct below.
 

Answer Stats

%Answer% Correct
100Argentina
88%
86Chile
88%
54Romania
88%
100Poland
81%
99Russia
81%
55Turkey
81%
75Uruguay
81%
75Costa Rica
75%
45Cuba
75%
73Malaysia
75%
100Belarus
69%
54Georgia
69%
100Kazakhstan
69%
63Panama
69%
100Saudi Arabia
69%
95Croatia
63%
100Hungary
63%
100Montenegro
63%
50Albania
56%
89Kuwait
56%

Score Distribution

Percentile by Number Answered

Percent of People with Each Score

Your Score History

You have not taken this quiz since the last reset